Science Quiz

Random Science or Popular Quiz
Score 0/191 Timer 20:00
0 Plays Today
% Correct
Xanax
48.2%
Oxycontin
46.4%
Tylenol and Codeine
44.6%
Synthroid
42.9%
Penicillin VK
42.9%
Zoloft
42.9%
Paxil
42.9%
Lipitor
41.1%
Prozac
41.1%
Prempro
39.3%
Vicodin
39.3%
Wellbutrin
39.3%
Viagra
39.3%
Levothroid
37.5%
Zocor
37.5%
Ultram
37.5%
Minocin
37.5%
Cialis
37.5%
Flexeril
37.5%
Lopid
35.7%
Ortho Tri-cyclen
33.9%
Levoxyl
33.9%
Axid
33.9%
Aleve
33.9%
Pravachol
32.1%
Prilosec
32.1%
Ambien
32.1%
Ortho Cyclen
30.4%
Yasmin
30.4%
Trinessa
30.4%
Motrin
30.4%
Flonase
30.4%
Lasix
30.4%
Valtrex
30.4%
Cymbalta
30.4%
Desyrel
30.4%
Coumadin
30.4%
Valium
30.4%
Desogen
28.6%
Premarin
28.6%
Prevacid
28.6%
Protonix
28.6%
Augmentin
28.6%
Lexapro
28.6%
Buspar
28.6%
Neurontin
28.6%
Alesse
26.8%
Necon
26.8%
Estrace
26.8%
Nexium
26.8%
Celebrex
26.8%
Zyrtec
26.8%
Singulair
26.8%
Lo/Ovral
25%
Mevacor
25%
Cipro
25%
Adderall
25%
Vytorin
23.2%
Norvasc
23.2%
Lopressor
23.2%
Seroquel
23.2%
Humalog
23.2%
Diovan
21.4%
Imdur
21.4%
% Correct
Amoxil
21.4%
Celexa
21.4%
Effexor
21.4%
Folic Acid
21.4%
Climara
19.6%
Pepcid
19.6%
Imitrex
19.6%
Combivent
19.6%
Toprol
19.6%
Inderal LA
19.6%
Nitrostat
19.6%
Claritin
19.6%
Allegra
19.6%
Trimox
19.6%
Levaquin
19.6%
Macrobid
19.6%
Bactroban
19.6%
Zithromax
19.6%
Glucophage
19.6%
Plavix
19.6%
Ativan
19.6%
Risperdal
19.6%
Ortho Evra
17.9%
Zantac
17.9%
Tagamet
17.9%
Benicar
17.9%
Microzide
17.9%
Allegra ER
17.9%
Keflex
17.9%
Ery-tab
17.9%
Elavil
17.9%
K-Dur
17.9%
Klonopin
17.9%
Depakote
17.9%
Topamax
17.9%
Flomax
17.9%
Arthrotec
16.1%
Proventil
16.1%
Nasonex
16.1%
Cardizem CD
16.1%
Lotensin
16.1%
Vasotec
16.1%
Restoril
16.1%
Fosamax
16.1%
Lamictal
16.1%
Soma
16.1%
Zyprexa
16.1%
Strattera
16.1%
Aricept
16.1%
Miralax
16.1%
Aciphex
14.3%
Darvocet N-100
14.3%
Tussionex
14.3%
Procardia
14.3%
Calan
14.3%
Altace
14.3%
Accupril
14.3%
Benicar HCT
14.3%
Tenormin
14.3%
Tenoretic
14.3%
Diovan HCT
14.3%
Tobradex
14.3%
Medrol
14.3%
Reglan
14.3%
% Correct
Concerta
14.3%
Zyloprim
14.3%
Cycrin
12.5%
Vioxx
12.5%
Miacalcin
12.5%
Zestril
12.5%
Prinivil
12.5%
Clarinex
12.5%
Bactrim
12.5%
Pamelor
12.5%
Remeron
12.5%
Amaryl
12.5%
Phenergan
12.5%
Tessalon
12.5%
Patanol
12.5%
Plendil
10.7%
Cardura
10.7%
Catapres
10.7%
Omnicef
10.7%
none (???)
10.7%
Z-pack
10.7%
Klor Con 8
10.7%
Roxicet
8.9%
Relafen
8.9%
Advair
8.9%
Hytrin
8.9%
Ziac
8.9%
Lotrel
8.9%
Hydrodiuril
8.9%
Atarax
8.9%
Biaxtin
8.9%
Deltasone
8.9%
Dilantin
8.9%
Lamisil
8.9%
Detrol
8.9%
Atrovent
7.1%
Zanaflex
7.1%
Avandia
7.1%
Actonel
7.1%
Lotrisone
7.1%
Contuss
7.1%
Adipex-P
7.1%
Daypro
5.4%
Azmacort
5.4%
Lanoxin
5.4%
Dyazide
5.4%
Zestoretic
5.4%
Vistaril
5.4%
Serzone
5.4%
Glucotrol
5.4%
Evista
5.4%
Nolvadex
5.4%
Alphagan
5.4%
quinine
5.4%
Nasacort
3.6%
Hyzaar
3.6%
Fortamet
3.6%
Diabeta
3.6%
Micronase
3.6%
Rheumatrex
3.6%
Trexall
3.6%
Vancenase
1.8%
Tiazac
1.8%
Remove Ads.
Support Sporcle.
Get the best of Sporcle when you Go Orange. This ad-free experience offers more features, more stats, and more fun while also helping to support Sporcle. Thank you for becoming a member.

You're not logged in!

Compare scores with friends on all Sporcle quizzes.
OR
Log In

Show Comments

Extras

Top Quizzes Today


Score Distribution

Your Account Isn't Verified!

In order to create a playlist on Sporcle, you need to verify the email address you used during registration. Go to your Sporcle Settings to finish the process.

Report this User

Report this user for behavior that violates our Community Guidelines.

Details: